|
|
|
|
| LEADER |
00000nkmaa2200000 a 4500 |
| 001 |
vtls010861766 |
| 003 |
SK-MaSNL |
| 005 |
20260331210326.0 |
| 007 |
kh ao |
| 008 |
230802s1930 xo | |||0 k|slo |
| 035 |
|
|
|a urn:nbn:sk:snk-km00bx5i
|
| 035 |
|
|
|a urn:nbn:sk:snk-km3loo5
|
| 035 |
|
|
|a 3170EFB3-C8F7-4CC5-B815-161822627E02
|
| 040 |
|
|
|a SNKLA
|b slo
|c SNKLA
|e AACR2
|
| 041 |
0 |
|
|a slo
|
| 044 |
|
|
|a xo
|c SK
|
| 100 |
1 |
|
|a Beran
|c (fotograf)
|4 pht
|9 338444
|
| 245 |
1 |
0 |
|a [Boor, Peter]
|h grafika
|
| 260 |
|
|
|a [S.l.
|b s.n.]
|c 1930
|
| 300 |
|
|
|a 1 fotografia
|b v hnedom tóne
|c 14 x 9 cm
|
| 520 |
2 |
|
|a Zobrazenie: Podobizeň náboženského spisovateľa, evanjelického kňaza Petra Boora z roku 1930 (16.12.1882 Holíč - 4.12.1966 Holíč).
|
| 600 |
1 |
7 |
|a Boor, Peter,
|d 1882-1966
|2 SNKMA
|9 20504
|
| 655 |
|
7 |
|a portrétne fotografie
|2 SNKLA
|9 305796
|
| 852 |
7 |
|
|a Slovenská národná knižnica
|b Literárny archív
|
| 958 |
|
|
|a ZO
|
| 958 |
|
|
|a BLA
|
| 999 |
|
|
|c 584539
|d 586469
|
| 952 |
|
|
|a SNKLA
|b SNKLA
|c SNKLA_DEP
|y NEVYP
|7 0
|p 17A1007530
|o snkSB 29/6
|i snkLA 1109/1988
|0 0
|1 0
|4 0
|d 2015-08-19
|f 1
|l 0
|r 2026-02-23 15:04:19
|w 2026-02-23
|